000 00671nam a2200205 a 4500
005 20240925064147.0
008 991125s1984 ag 000 0 spa u
020 _a950602054X
035 _aUPN01000021050
049 _aCG
050 4 _aBF721
_bE8.82
100 1 _aOsterrieth, Paul Alexandre
_933828
245 1 4 _aLos estadios en la psicología del niño /
_cP. Osterrieth ... [et al.] ; tr. Eduardo V. Hombria.
260 _aBuenos Aires :
_bNueva Visión,
_c1984.
300 _a171 p.
440 0 _aPsicología contemporánea
534 _pTraducción de:
_tLe probleme des stades en psychologie de l'enfant
650 4 _aNiño, Estudio del
_9221
905 _aLibro
999 _c21050
_d21050